000 01242nam a2200265Ia 4500
003 OSt
005 20221005103818.0
006 a|||||r|||| 00| 0
007 ta
008 221004b |||||||| |||| 00| 0 san d
020 _a9788178543130 (hbk)
_cINR 600.00
024 _a29476
037 _b294, 08/03/2017, Eastern Book Linkers
_cTextual
040 _aCRL
_cCRL
_bsan
041 _2san
_asan
082 _aO15,3D60,1:g, 152Q7
100 _aकुश्वाहा, रश्मि, ले.
245 0 _aकादम्बरी एवं शिवराज विजय का तुलनात्मक अध्ययनः सामाजिक एवं राजनक्तिक सन्दर्भों में
246 _aKādambarī evan shivarāj vijaya kā tulanātmak adhyayanah sāmājik evan rājanaktik sandarbhoan mean
260 _aदिल्ली
_bईस्टर्न बुक लिंकर्स भारत
_c2017
300 _a198पृ0
_ccm.
650 _aसंस्कृत कहानी
942 _hO15,3D60,1:g, 152Q7
_cTEXL
_2cc
999 _c1010984
_d1010984